Looking for miracles : a memoir about loving /

Bibliographic Details
Main Author: Hotchner, A. E.
Format: Book
Language:English
Published: New York : Harper & Row, c1975.
Subjects:

MARC

Tag First Indicator Second Indicator Subfields
LEADER 00000cam a2200000 i 4500
001 in00000091106
005 20170822121807.0
008 740924s1975 nyuaf 000 1 eng
010 |a  73004091  
035 |a (OCoLC)ocm01055252 
035 |a (OCoLC)01055252 
035 |9 AAK6693AM 
040 |a DLC  |b eng  |c DLC  |d OCLCQ  |d BAKER  |d BTCTA  |d CLU  |d VVW  |d CKL  |d YDXCP  |d OCLCO  |d OCLCF  |d OCLCQ  |d OCLCO  |d NAM  |d OCLCO 
020 |a 0060119659 
020 |a 9780060119652 
035 |a (OCoLC)1055252 
043 |a n-us-ar  |a n-us-mo  |a n-us-ok 
050 0 |a PZ4.H834  |a PS3558.O8 
082 4 |a 813/.5/4 
090 |a PS3558.O8  |b L66 1975 
049 |a TXAM 
100 1 |a Hotchner, A. E. 
245 1 0 |a Looking for miracles :  |b a memoir about loving /  |c by A.E. Hotchner. 
260 |a New York :  |b Harper & Row,  |c c1975. 
300 |a 152 pages, [1] leaf of plates :  |b illustrations ;  |c 21 cm 
336 |a text  |b txt  |2 rdacontent 
337 |a unmediated  |b n  |2 rdamedia 
338 |a volume  |b nc  |2 rdacarrier 
500 |a Sequel to King of the hill. 
650 0 |a Nineteen thirties  |v Fiction. 
651 0 |a Ozark Mountains  |v Fiction. 
650 7 |a Nineteen thirties.  |2 fast  |0 (OCoLC)fst01037830 
651 7 |a United States  |z Ozark Mountains.  |2 fast  |0 (OCoLC)fst01243486 
655 7 |a Fiction.  |2 fast  |0 (OCoLC)fst01423787 
776 0 8 |i Online version:  |a Hotchner, A.E.  |t Looking for miracles.  |b 1st ed.  |d New York : Harper & Row, [1975]  |w (OCoLC)643629914 
994 |a C0  |b TXA 
999 f f |s e6d2b9b7-706a-3290-802f-f31aec28aac9  |i 0b993dcd-595d-383d-89f3-31ab7b596288  |t 0 
952 f f |p ric  |a Texas A&M University  |b Rellis Campus  |c Joint Library Facility  |d Remote Storage  |t 0  |e PS3558.O8 L66 1975  |h Library of Congress classification  |i unmediated -- volume  |m A14806274476 
998 f f |a PS3558.O8 L66 1975  |t 0  |l Remote Storage